Eugene O'Neill and Oriental thought : a divided vision /

Bibliographic Details
Main Author: Robinson, James A., 1945-
Format: Book
Language:English
Published: Carbondale : Southern Illinois University Press, [1982]
Subjects:

MARC

Tag First Indicator Second Indicator Subfields
LEADER 00000pam a2200000 a 4500
001 in00000097063
005 20151222091526.0
008 810902s1982 ilu b s00110 eng
010 |a  81014428  
020 |a 080931035X 
035 |a (OCoLC)07795793 
035 |9 AAK8935AM 
039 0 |a 2  |b 3  |c 3  |d 3  |e 3 
040 |a DLC  |c DLC  |d TXA  |d UtOrBLW 
043 |a a------ 
049 |a TXAM  |c [1197184] 
050 0 0 |a PS3529 N5  |b  Z794 1982 
082 0 |a 812/.52  |2 19 
100 1 |a Robinson, James A.,  |d 1945- 
245 1 0 |a Eugene O'Neill and Oriental thought :  |b a divided vision /  |c by James A. Robinson. 
264 1 |a Carbondale :  |b Southern Illinois University Press,  |c [1982] 
264 4 |c ©1982 
300 |a 201 pages ;  |c 23 cm. 
336 |a text  |b txt  |2 rdacontent 
337 |a unmediated  |b n  |2 rdamedia 
338 |a volume  |b nc  |2 rdacarrier 
500 |a Includes index. 
504 |a Bibliography: pages 189-196. 
600 1 0 |a O'Neill, Eugene,  |d 1888-1953  |x Criticism and interpretation. 
600 1 0 |a O'Neill, Eugene,  |d 1888-1953  |x Philosophy. 
650 0 |a Philosophy, Asian. 
651 0 |a Asia  |x Religion. 
999 |a MARS 
999 f f |s 88127ee1-5501-3f9c-beb9-48382ccd30aa  |i df7dc379-9f05-3259-a150-20cbbafd447a  |t 0 
952 f f |p ric  |a Texas A&M University  |b Rellis Campus  |c Joint Library Facility  |d Remote Storage  |t 0  |e PS3529 N5 Z794 1982  |h Library of Congress classification  |i unmediated -- volume  |m A14806040479 
998 f f |a PS3529 N5 Z794 1982  |t 0  |l Remote Storage